000 00694cam a22002413a 4500
001 9462
003 PGUSA
005 20140828083212.0
008 051201s2005||||xxu|||||s|||||000 1 eng d
040 _aPGUSA
_beng
042 _adc
050 4 _aPZ
100 1 _aBailey, Arthur Scott,
_d1877-1949
245 1 4 _aThe Tale of Sandy Chipmunk
_h[electronic resource] /
_cArthur Scott Bailey
260 _bProject Gutenberg,
_c2005
506 _aPublic domain in the USA.
516 _aElectronic text
653 _aAnimals -- Juvenile fiction
653 _aChipmunks -- Juvenile fiction
830 0 _aProject Gutenberg
_v9462
856 4 0 _uhttp://www.gutenberg.org/ebooks/9462
942 _cEB
999 _c238718
_d238718